Normal view MARC view
  • Khalid,A.R

Entry Personal Name

Number of records used in: 4

001 - CONTROL NUMBER

  • control field: 7403

003 - CONTROL NUMBER IDENTIFIER

  • control field: NUST

005 - DATE AND TIME OF LATEST TRANSACTION

  • control field: 20171218102010.0

008 - FIXED-LENGTH DATA ELEMENTS

  • fixed length control field: 171218|| aca||aabn | a|a d

040 ## - CATALOGING SOURCE

  • Original cataloging agency: NUST
  • Transcribing agency: NUST

100 ## - HEADING--PERSONAL NAME

  • Personal name: Khalid,A.R

670 ## - SOURCE DATA FOUND

  • Source citation: Work cat.: (NUST): Khalid,A.R, Fun-e-Khbar Nawesi (urdu title) فن حبر نویسی, 1980.
© 2023 Central Library, National University of Sciences and Technology. All Rights Reserved.